000 00406nam a2200169Ia 4500
008 230711s9999||||xx |||||||||||||| ||und||
020 _a81-291-0573-x
041 _aENG
082 _a800
_bSH-M
100 _aShourie,Arun
245 0 _aMissionaries in India
250 _a4th . Ed.
260 _c2004
_aNew Delhi
_bRupa Publications India Pvt.Ltd
300 _a302
650 _aLiterature
942 _cBK
999 _c5209
_d5209